Statystyki dla Stolice Europy

Kliknij tutaj aby rozwiązać quiz!

Ogólne statystyki

  • Ten quiz został rozwiązany 41 razy
  • Średni wynik to 37 z 46

Statystyki odpowiedzi

PaństwoStolica% Poprawnych
UkrainaKijów
100%
WłochyRzym
100%
PolskaWarszawa
100%
NiemcyBerlin
97%
RosjaMoskwa
97%
FrancjaParyż
97%
CzechyPraga
97%
Wielka BrytaniaLondyn
94%
WatykanWatykan
94%
GrecjaAteny
91%
HiszpaniaMadryt
91%
HolandiaAmsterdam
89%
BiałoruśMińsk
89%
AustriaWiedeń
89%
Rumunia Bukareszt
86%
PortugaliaLizbona
86%
LuksemburgLuksemburg
86%
NorwegiaOslo
86%
San MarinoSan Marino
86%
BelgiaBruksela
83%
WęgryBudapeszt
83%
DaniaKopenhaga
83%
MonakoMonako
83%
AndoraAndora
80%
FinlandiaHelsinki
80%
ŁotwaRyga
80%
TurcjaAnkara
77%
IrlandiaDublin
77%
IslandiaReykjavik
77%
SzwecjaSztokholm
77%
ChorwacjaZagrzeb
77%
BułgariaSofia
74%
LitwaWilno
74%
SłowacjaBratysława
71%
EstoniaTallinn
71%
Bośnia i HercegowinaSarajewo
69%
AlbaniaTirana
66%
MaltaValletta
66%
SerbiaBelgrad
63%
SzwajcariaBerno
63%
SłoweniaLublana
60%
CzarnogóraPodgorica
60%
LiechtensteinVaduz
60%
MołdawiaKiszyniów
57%
Macedonia PółnocnaSkopje
57%
KosowoPrisztina
46%

Rozkład punktacji

Percentyl według liczby udzielonych odpowiedzi

Procent ludzi z każdym wynikiem

Twoja historia wyników

Nie rozwiązałeś tego quizu